|
|
|
|
| LEADER |
00000naa0a2200000 4500 |
| 001 |
657677 |
| 005 |
20250624110707.0 |
| 035 |
|
|
|a (RuTPU)RU\TPU\network\24329
|
| 090 |
|
|
|a 657677
|
| 100 |
|
|
|a 20180305d2017 k y0rusy50 ca
|
| 101 |
0 |
|
|a rus
|
| 102 |
|
|
|a RU
|
| 135 |
|
|
|a drcn ---uucaa
|
| 181 |
|
0 |
|a i
|
| 182 |
|
0 |
|a b
|
| 200 |
1 |
|
|a Влияния палеоклиматических факторов на реконструкции геотермического режима нефтематеринской китербютской (тогурской) свиты полуострова Ямал
|f В. И. Исаев [и др.]
|
| 203 |
|
|
|a Текст
|c электронный
|
| 300 |
|
|
|a Заглавие с экрана
|
| 320 |
|
|
|a [Библиогр.: с. 67-68 (10 назв.)]
|
| 463 |
|
|
|t Гординские чтения
|o сборник материалов IV Школы-конференции, Москва, 20-22 Ноября 2017
|f Российская академия наук (РАН), Институт физики Земли им. О. Ю. Шмидта (ИФЗ)
|v [С. 62-68]
|d 2017
|
| 610 |
1 |
|
|a электронный ресурс
|
| 610 |
1 |
|
|a труды учёных ТПУ
|
| 610 |
1 |
|
|a палеоклиматические факторы
|
| 610 |
1 |
|
|a реконструкции
|
| 610 |
1 |
|
|a геотермальные процессы
|
| 610 |
1 |
|
|a нефтематеринские отложения
|
| 610 |
1 |
|
|a Ямал
|
| 701 |
|
1 |
|a Исаев
|b В. И.
|c геолог
|c профессор Томского политехнического университета, доктор геолого-минералогических наук
|f 1952-
|g Валерий Иванович
|3 (RuTPU)RU\TPU\pers\24786
|
| 701 |
|
1 |
|a Искоркина
|b А. А.
|c геолог
|c аспирант Томского политехнического университета
|f 1991-
|g Альбина Альбертовна
|3 (RuTPU)RU\TPU\pers\38860
|
| 701 |
|
1 |
|a Лобова
|b Г. А.
|c геофизик
|c доцент Томского политехнического университета, кандидат геолого-минералогических наук
|f 1952-
|g Галина Анатольевна
|3 (RuTPU)RU\TPU\pers\28751
|9 13541
|
| 701 |
|
1 |
|a Прохорова
|b П. Н.
|g Полина Николаевна
|
| 701 |
|
1 |
|a Фомин
|b А. Н.
|g Александр Николаевич
|
| 712 |
0 |
2 |
|a Национальный исследовательский Томский политехнический университет (ТПУ)
|b Институт природных ресурсов (ИПР)
|b Кафедра геофизики (ГЕОФ)
|3 (RuTPU)RU\TPU\col\18667
|
| 801 |
|
1 |
|a RU
|b 63413507
|c 20141010
|
| 801 |
|
2 |
|a RU
|b 63413507
|c 20180305
|g RCR
|
| 850 |
|
|
|a 63413507
|
| 856 |
4 |
|
|u https://docs.wixstatic.com/ugd/464df4_b664e505aba146da922c4616e7685530.pdf#page=62
|
| 942 |
|
|
|c CF
|